000 01164cam a2200313 i 4500
999 _c25944
_d25944
001 16741812
005 20170201152729.0
008 110419t20132013caua 001 0 eng
010 _a 2011927800
020 _a9781133108948 (student edition)
020 _a1133108946 (student edition)
050 0 0 _aQA37.3 .T358 2013
100 1 _aTan, S. T.
_q(Soo Tang),
_eauthor.
240 1 0 _aMathematics for the managerial, life, and social sciences
245 1 0 _aApplied mathematics for the managerial, life, and social sciences /
_cSoo T. Tan, Stonehill College.
250 _aEdition 6.
300 _axxiv, 941 pages :
_bcolor illustrations ;
_c29 cm
500 _aIncludes indexes.
650 0 _aMathematics
_vTextbooks.
942 _2lcc
_cBOOKS